| 000 | 004880000a22001570004500 | ||
|---|---|---|---|
| 003 | MACL | ||
| 005 | 20180223151908.0 | ||
| 008 | 180223b xxu||||| |||| 00| 0 eng d | ||
| 040 | _cmacl | ||
| 100 |
_aकृष्ण बलदेव संचयन _970584 |
||
| 245 | _aसंश्ाय के साये | ||
| 260 |
_bभारतीय ज्ञानपीठ _c2007 |
||
| 350 | _a550 | ||
| 650 |
_aचिल्ड्रन _970585 |
||
| 942 |
_cHIN _k891.433/VAT/N _2ddc |
||
| 999 |
_c22334 _d22334 |
||